000 00243nam a2200085Ia 4500
008 120527s9999 xx 000 0 und d
245 _aBackground paper on employment and poverty alleviation in Nig.
260 _bFed.Min.of Lab&Prod.
942 _cBK
999 _c23636
_d23636